|
|
|
|
| LEADER |
00000nam0a2200000 4500 |
| 001 |
34842 |
| 005 |
20231101210248.0 |
| 010 |
|
|
|a 5060026639
|
| 035 |
|
|
|a (RuTPU)RU\TPU\book\35253
|
| 035 |
|
|
|a BOOK00001905
|
| 090 |
|
|
|a 34842
|
| 100 |
|
|
|a 20011210d1993 m y0rusy50 ca
|
| 101 |
0 |
|
|a rus
|
| 102 |
|
|
|a RU
|
| 105 |
|
|
|a y j 000zy
|
| 200 |
1 |
|
|a Математическое программирование в примерах и задачах
|e учебное пособие
|f И. Л. Акулич
|
| 210 |
|
|
|a Москва
|c Высшая школа
|d 1993
|
| 215 |
|
|
|a 335 с.
|
| 606 |
|
|
|a Математическое программирование
|x (математика)
|2 stltpush
|3 (RuTPU)RU\TPU\subj\41243
|9 61049
|
| 610 |
1 |
|
|a оптимизация
|
| 610 |
1 |
|
|a примеры
|
| 610 |
1 |
|
|a задачи
|
| 610 |
1 |
|
|a решения
|
| 610 |
1 |
|
|a линейное программирование
|
| 610 |
1 |
|
|a нелинейное программирование
|
| 610 |
1 |
|
|a теоремы
|
| 610 |
1 |
|
|a формулы
|
| 610 |
1 |
|
|a учебные пособия
|
| 675 |
|
|
|a 519.85(075.8)
|v 3
|
| 700 |
|
1 |
|a Акулич
|b И. Л.
|g Иван Людвигович
|
| 801 |
|
0 |
|a RU
|b 63413507
|c 20011210
|g PSBO
|
| 801 |
|
2 |
|a RU
|b 63413507
|c 20170831
|g PSBO
|
| 900 |
|
|
|a Методы оптимизации
|
| 942 |
|
|
|c BK
|